Statistics for Islands That Start with G

Click here to take the quiz!

General Stats

  • This quiz has been taken 28 times
  • The average score is 9 of 15

Answer Stats

HintIsland% Correct
Pacific archipelago belonging to Ecuador, visited by Charles Darwin{Galapagos} Islands
100%
Largest island in the worldGreenland
96%
Main island of the United Kingdom{Great} {Britain}
89%
Unincorporated U.S. territory in the western PacificGuam
86%
Second-largest of the Channel IslandsGuernsey
79%
One of the Canary Islands, home to its capital, Las Palmas{Gran} {Canaria}
68%
Island group forming part of Kiribati; formerly part of the British colony, the _____ and Ellice Islands{Gilbert} Islands
61%
Island chain in the Caribbean, lying between St Vincent and GrenadaGrenadines
61%
Largest island of SwedenGotland
57%
Island on the Texas Gulf Coast with the city of the same name, where the deadliest hurricane in the U.S occurred (in 1900)Galveston
50%
British island close to Tristan da Cunha in the South Atlantic; pronounced 'Goff'Gough
36%
One of the main Canary IslandsLa {Gomera}
32%
Island in New York Harbor, formerly the residence of colonial administrators of New York{Governors} Island
18%
Largest island in the Comoros{Grande} {Comore}
14%
Island group in the South Pacific, part of French Polynesia{Gambier} Islands
7%

Score Distribution

Percentile by Number Answered

Percent of People with Each Score

Your Score History

You have not taken this quiz